| 000 | 00503nam a22001577a 4500 | ||
|---|---|---|---|
| 999 |
_c12199 _d12199 |
||
| 003 | URS | ||
| 005 | 20220114162347.0 | ||
| 008 | 191118b ||||| |||| 00| 0 eng d | ||
| 020 | _a9781440323959 | ||
| 040 |
_aDLC _bENGLISH _cDMLUC _dURS |
||
| 100 |
_aValdez, Suzette F., _eauthor. |
||
| 245 |
_aD30EXERCISES FOR DESIGNERS _bTHIRTY DAYS OF CREATIVE DESIGN EXERCISES & CAREER-ENHANCING IDEAS _cJIM KRAUSE |
||
| 260 |
_aAUSTRALIA, U.K, CANADA _bHOW BOOKS _c2013 |
||
| 300 |
_a244 p _bCOLORED |
||
| 942 |
_2lcc _cBK |
||